Normal view
MARC view
- Mcmordie, Robert K , Brown, Mitchael C , Stoughton, Robert S
Entry Personal Name
001 - CONTROL NUMBER
- control field: 68960
003 - CONTROL NUMBER IDENTIFIER
- control field: NUST
005 - DATE AND TIME OF LATEST TRANSACTION
- control field: 20210628204140.0
008 - FIXED-LENGTH DATA ELEMENTS
- fixed length control field: 210628|| aca||aabn | a|a d
040 ## - CATALOGING SOURCE
- Original cataloging agency: NUST
- Transcribing agency: NUST
100 ## - HEADING--PERSONAL NAME
- Personal name: Mcmordie, Robert K , Brown, Mitchael C , Stoughton, Robert S
670 ## - SOURCE DATA FOUND
- Source citation: Work cat.: (NUST): Mcmordie, Robert K , Brown, Mitchael C , Stoughton, Robert S, Solar energy fundamentals, 2012
